NBA 2026 Playoffs Starters - Statistics

General Stats
  • This quiz has been taken 776 times
    210 since last reset
  • The average score is 65 of 80
Answer Stats
Team Player % Correct
Pistons Cade Cunningham
98%
Knicks Jalen Brunson
98%
Celtics Jayson Tatum
98%
Cavaliers Donovan Mitchell
97%
Pistons Jalen Duren
97%
Celtics Jaylen Brown
97%
Knicks Karl-Anthony Towns
95%
Lakers LeBron James
95%
Thunder Shai Gilgeous-Alexander
95%
Spurs Victor Wembanyama
95%
Timberwolves Anthony Edwards
94%
76ers Joel Embiid
94%
Knicks Josh Hart
94%
76ers Tyrese Maxey
94%
Celtics Derrick White
93%
Nuggets Jamal Murray
93%
Nuggets Nikola Jokić
93%
Pistons Ausar Thompson
92%
Lakers Austin Reaves
92%
Thunder Chet Holmgren
92%
Magic Paolo Banchero
92%
Rockets Amen Thompson
91%
Suns Devin Booker
91%
Cavaliers Evan Mobley
91%
Thunder Jalen Williams
91%
Cavaliers James Harden
91%
Knicks Mikal Bridges
91%
Timberwolves Rudy Gobert
91%
Raptors Scottie Barnes
91%
Spurs Stephon Castle
91%
Rockets Alperen Şengün
90%
Cavaliers Jarrett Allen
90%
Knicks OG Anunoby
90%
Nuggets Aaron Gordon
89%
Lakers Deandre Ayton
89%
Thunder Luguentz Dort
88%
Thunder Isaiah Hartenstein
87%
Hawks Jalen Johnson
87%
Pistons Tobias Harris
87%
Nuggets Cameron Johnson
86%
Spurs De'Aaron Fox
86%
Magic Franz Wagner
86%
Timberwolves Julius Randle
85%
76ers Paul George
84%
Timberwolves Jaden McDaniels
83%
Spurs Devin Vassell
82%
Suns Dillon Brooks
81%
Magic Jalen Suggs
81%
76ers VJ Edgecombe
81%
Raptors RJ Barrett
79%
Lakers Rui Hachimura
79%
Raptors Brandon Ingram
78%
Trail Blazers Deni Avdija
78%
Nuggets Christian Braun
77%
Hawks CJ McCollum
75%
Rockets Jabari Smith Jr.
75%
Timberwolves Mike Conley
75%
Magic Wendell Carter Jr.
75%
Pistons Duncan Robinson
73%
Magic Desmond Bane
72%
Hawks Dyson Daniels
72%
Raptors Jakob Poeltl
72%
Suns Jalen Green
71%
Lakers Marcus Smart
71%
Trail Blazers Jrue Holiday
70%
Spurs Julian Champagnie
69%
76ers Kelly Oubre Jr.
69%
Celtics Neemias Queta
69%
Hawks Nickeil Alexander-Walker
68%
Hawks Onyeka Okongwu
67%
Trail Blazers Scoot Henderson
66%
Cavaliers Dean Wade
65%
Trail Blazers Donovan Clingan
62%
Rockets Reed Sheppard
58%
Celtics Sam Hauser
55%
Rockets Tari Eason
55%
Trail Blazers Toumani Camara
54%
Suns Collin Gillespie
48%
Suns Oso Ighodaro
34%
Raptors Ja'Kobe Walter
33%
No matching quizzes found
Score Distribution
Percent of People with Each Score
Percentile by Number Answered
Your Score History
You have not taken this quiz since the last reset